O estranho caso do Dr. Jekyll e do Sr. Hyde (Record no. 46036)

MARC details
000 -Etiqueta do registo
Valores 00751nam a2200241 4500
010 ## - Número ISBN
ISBN 9789895523757
021 ## - Número do Depósito Legal
Número 278893/08
100 ## - Dados gerais de processamento
Dados gerais 20250324d2008 m y0pory50030103ba
101 1# - Língua de publicação
Língua por
102 ## - País de publicação
País PT
200 1# - Titulo e menção de responsabilidade
Título próprio O estranho caso do Dr. Jekyll e do Sr. Hyde
Primeira menção de responsabilidade Robert Louis Stevenson
Outras menções de responsabilidade trad. Fernando Dias Antunes
205 ## - Menção da edição
Edição 1.ª ed.
210 #9 - Publicação
Local de publicação Vila Nova de Famalicão
Nome do editor Quasi,
Data de publicação 2008
215 ## - Descrição física 
Paginação / Volumes 102, [2] p.
Dimensões 19 cm
304 ## - Nota relativa ao título
Texto de nota Tít. orig.: The strange case of Dr. Jekyll and Mr. Hyde
317 ## - Nota de proveniência
Texto da nota Biblioteca Matilde Rosa Araújo
675 ## - CDU
Notação 821.111-32"18"
Edição BN
Língua por
700 #1 - Autor principal
Apelido Stevenson,
Nome Robert Louis,
Datas 1850-1894
702 #1 - Autor secundário
Apelido Antunes,
Nome Fernando Dias
Função 730
801 #0 - Fonte de origem
País PT
Agência BN
Regras de catalogação RPC
990 ## - Elementos KOHA
Tipo de documento Livro
Holdings
Aquisição Empréstimo Código de barras Cota Permissão de empréstimo Tipo de documento
Biblioteca Escolar Doutor Hernâni Cidade Biblioteca Escolar Doutor Hernâni Cidade 82884 82-34 STE CONTOS   Livro

Powered by Koha